00334nam a22000977a 4500100007600000245005500076260002700131300000800158700003700166856003300203 aAltaf Ahmed Phulpotoa19MCEM07aSupervisor - Prof. Dr. Noor Ahmed Memon aCompressive and Tensile Strength of Polypropylene  aNawabshahbQUESTc2019 a35p aDepartment of Civil Engineering  uhttps://tinyurl.com/429werkz